"Генерал Сорви-Голова". "Попаданец" против Британской империи

Bibliografiska uppgifter
Huvudupphovsman: Бузинин С. В. Сергей Владимирович
Sammanfattning:Если ты вырос на книгах Буссенара и Киплинга, если в детстве зачитывался приключениями капитана Сорви-Го-ловы и можешь спеть под гитару не только Высоцкого, но и «Трансвааль, Трансвааль, орана моя, ты вся горишь в огне», -куда отправишься, став «попаданием» и перепрыгнув из 2012-го в 1899 год? Разумеется, в Южную Африку, на помощь бурам, сражающимся против англичан!..Наши добровольцы против британских карателей! «Джентльменская» пуля «маузера» против разрывных пуль «дум-дум». Российские Сорви-Головы во главе с таинствен­ным человеком по прозвищу Акела против всей мощи «Вла­дычицы морей» с ее гигантским флотом, новейшими пуле­метами, первыми бронепоездами и концлагерями. Если тебе хватит духу бросить вызов «коварному Альбиону», если ты готов рисковать жизнью, чтобы изменить ход истории, -«значит, нужные книги ты в детстве читал!».
Språk:ryska
Publicerad: Москва, Яуза, 2012
Serie:Военно-историческая фантастика
Ämnen:
Materialtyp: MixedMaterials Bok
KOHA link:https://koha.lib.tpu.ru/cgi-bin/koha/opac-detail.pl?biblionumber=307979

MARC

LEADER 00000nam0a2200000 4500
001 307979
005 20231102002040.0
010 |a 9785699603893 
035 |a (RuTPU)RU\TPU\book\333287 
090 |a 307979 
100 |a 20151027d2012 m y0rusy50 ca 
101 0 |a rus 
102 |a RU 
105 |a y z 000ay 
200 1 |a "Генерал Сорви-Голова". "Попаданец" против Британской империи  |f С. В. Бузинин 
210 |a Москва  |c Яуза  |c Эксмо  |d 2012 
215 |a 382 с. 
225 1 |a Военно-историческая фантастика 
330 |a Если ты вырос на книгах Буссенара и Киплинга, если в детстве зачитывался приключениями капитана Сорви-Го-ловы и можешь спеть под гитару не только Высоцкого, но и «Трансвааль, Трансвааль, орана моя, ты вся горишь в огне», -куда отправишься, став «попаданием» и перепрыгнув из 2012-го в 1899 год? Разумеется, в Южную Африку, на помощь бурам, сражающимся против англичан!..Наши добровольцы против британских карателей! «Джентльменская» пуля «маузера» против разрывных пуль «дум-дум». Российские Сорви-Головы во главе с таинствен­ным человеком по прозвищу Акела против всей мощи «Вла­дычицы морей» с ее гигантским флотом, новейшими пуле­метами, первыми бронепоездами и концлагерями. Если тебе хватит духу бросить вызов «коварному Альбиону», если ты готов рисковать жизнью, чтобы изменить ход истории, -«значит, нужные книги ты в детстве читал!». 
606 1 |a Русская литература современная  |2 stltpush  |3 (RuTPU)RU\TPU\subj\26373  |9 50316 
610 1 |a романы 
610 1 |a фантастика 
610 1 |a боевики 
610 1 |a военная история 
675 |a Р2  |v 3 
700 1 |a Бузинин  |b С. В.  |g Сергей Владимирович 
801 1 |a RU  |b 63413507  |c 20151027 
801 2 |a RU  |b 63413507  |c 20151106  |g RCR 
942 |c BK